<?xml version="1.0" encoding="UTF-8"?>
<record
    xmlns:xsi="http://www.w3.org/2001/XMLSchema-instance"
    xsi:schemaLocation="http://www.loc.gov/MARC21/slim http://www.loc.gov/standards/marcxml/schema/MARC21slim.xsd"
    xmlns="http://www.loc.gov/MARC21/slim">

  <leader>00567nam a22001217a 4500</leader>
  <datafield tag="040" ind1=" " ind2=" ">
    <subfield code="c">HS</subfield>
  </datafield>
  <datafield tag="082" ind1=" " ind2=" ">
    <subfield code="a">338</subfield>
  </datafield>
  <datafield tag="110" ind1=" " ind2=" ">
    <subfield code="a">&#x1780;&#x17B6;&#x179A;&#x17B7;&#x1799;&#x17B6;&#x179B;&#x17D0;&#x1799;&#x1794;&#x178E;&#x17D2;&#x178F;&#x17BB;&#x17C7;&#x1794;&#x178E;&#x17D2;&#x178F;&#x17B6;&#x179B; &#x1793;&#x17B7;&#x1784;&#x17A2;&#x1797;&#x17B7;&#x179C;&#x178C;&#x17D2;&#x178D;&#x1793;&#x17CD;&#x179F;&#x17A0;&#x1782;&#x1798;&#x1793;&#x17CD;</subfield>
  </datafield>
  <datafield tag="245" ind1=" " ind2=" ">
    <subfield code="a">&#x1780;&#x17B6;&#x179A;&#x1794;&#x17D2;&#x179A;&#x17BE;&#x1794;&#x17D2;&#x179A;&#x17B6;&#x179F;&#x17CB; &#x1790;&#x17C2;&#x1791;&#x17B6;&#x17C6; &#x1787;&#x17BD;&#x179F;&#x1787;&#x17BB;&#x179B; &#x1782;&#x17C4;&#x1799;&#x1793;&#x17D2;&#x178F;&#x17A7;&#x1794;&#x1780;&#x179A;&#x178E;&#x17CD;&#x1780;&#x179F;&#x17B7;&#x1780;&#x1798;&#x17D2;&#x1798;</subfield>
  </datafield>
  <datafield tag="260" ind1=" " ind2=" ">
    <subfield code="a">Cambodia</subfield>
    <subfield code="b">&#x1780;&#x17B6;&#x179A;&#x17B7;&#x1799;&#x17B6;&#x179B;&#x17D0;&#x1799;&#x1794;&#x178E;&#x17D2;&#x178F;&#x17BB;&#x17C7;&#x1794;&#x178E;&#x17D2;&#x178F;&#x17B6;&#x179B; &#x1793;&#x17B7;&#x1784;&#x17A2;&#x1797;&#x17B7;&#x179C;&#x178C;&#x17D2;&#x178D;&#x1793;&#x17CD;&#x179F;&#x17A0;&#x1782;&#x1798;&#x1793;&#x17CD;</subfield>
    <subfield code="c">2009</subfield>
  </datafield>
  <datafield tag="300" ind1=" " ind2=" ">
    <subfield code="a">25p;</subfield>
  </datafield>
  <datafield tag="942" ind1=" " ind2=" ">
    <subfield code="c">KB</subfield>
  </datafield>
  <datafield tag="999" ind1=" " ind2=" ">
    <subfield code="c">9336</subfield>
    <subfield code="d">9336</subfield>
  </datafield>
  <datafield tag="952" ind1=" " ind2=" ">
    <subfield code="0">0</subfield>
    <subfield code="1">0</subfield>
    <subfield code="4">0</subfield>
    <subfield code="6">338_000000000000000_&#x17A2;&#x1797;&#x17B7;&#x179C;&#x178C;&#x178D;&#x1793;&#x179F;&#x17A0;&#x1782;&#x1798;&#x1793;_2009_C191_OR_1</subfield>
    <subfield code="7">0</subfield>
    <subfield code="9">51150</subfield>
    <subfield code="a">LBC</subfield>
    <subfield code="b">LBC</subfield>
    <subfield code="c">C191</subfield>
    <subfield code="d">2016-08-31</subfield>
    <subfield code="o">338 &#x17A2;&#x1797;&#x17B7;&#x179C;&#x178C;&#x17D2;&#x178D;&#x1793;&#x17CD;&#x179F;&#x17A0;&#x1782;&#x1798;&#x1793;&#x17CD; 2009 C191 Or.1</subfield>
    <subfield code="p">RUA43984</subfield>
    <subfield code="r">2016-08-31</subfield>
    <subfield code="y">KB</subfield>
  </datafield>
  <datafield tag="952" ind1=" " ind2=" ">
    <subfield code="0">0</subfield>
    <subfield code="1">0</subfield>
    <subfield code="4">0</subfield>
    <subfield code="6">338_000000000000000_&#x17A2;&#x1797;&#x17B7;&#x179C;&#x178C;&#x178D;&#x1793;&#x179F;&#x17A0;&#x1782;&#x1798;&#x1793;_2009_C191_OR_2</subfield>
    <subfield code="7">0</subfield>
    <subfield code="9">51174</subfield>
    <subfield code="a">LBC</subfield>
    <subfield code="b">LBC</subfield>
    <subfield code="c">C191</subfield>
    <subfield code="d">2016-08-31</subfield>
    <subfield code="o">338 &#x17A2;&#x1797;&#x17B7;&#x179C;&#x178C;&#x17D2;&#x178D;&#x1793;&#x17CD;&#x179F;&#x17A0;&#x1782;&#x1798;&#x1793;&#x17CD; 2009 C191 Or.2</subfield>
    <subfield code="p">RUA44062</subfield>
    <subfield code="r">2016-08-31</subfield>
    <subfield code="y">KB</subfield>
  </datafield>
</record>
